000 00373 a2200169 4500
001 191942
020 _a978-85-262-6761-9
040 _cMagnum
100 _aMartinelli, Tânia Alexandre
240 1 0 _aRedes de abuso
_lpor
245 1 0 _aRedes de abuso
300 _a103
362 0 _a2014
440 1 _aScipione
697 _aLITERATURA INFANTO-JUVENIL
942 _cBK
999 _c191942
_d191942